| 000 | 00498nam a2200181Ia 4500 | ||
|---|---|---|---|
| 005 | 20260429112249.0 | ||
| 008 | 260429s9999||||xx |||||||||||||| ||und|| | ||
| 020 | _a9780691177182 | ||
| 041 | _aEnglish | ||
| 082 |
_a978 _bVAR |
||
| 100 | _aVarouxakis, Georgios | ||
| 245 | 4 |
_aThe West : _bThe History of an Idea / _cGeorgios Varouxakis |
|
| 250 | _ac | ||
| 260 |
_aPrinceton : _bPrinceton University Press, _c2025. |
||
| 300 | _axviii, 491 p.; Hb | ||
| 650 | _aWestern History | ||
| 942 | _cTB | ||
| 999 |
_c53198 _d53198 |
||